000 00277nam a2200097Ia 4500
082 _a658.11 FINA
245 0 _aFinance in your own business
100 _a PArKEr, Eric Johannesburg, South Africa, 2011
_932793
942 _cBK
008 210817s9999 xx 000 0 und d
999 _c120300
_d120299